ბათუმის შოთა რუსთაველის სახელმწიფო უნივერსიტეტის ბიბლიოთეკა

ისლამის დოგმატიკა : (ბიბ.ჩანაწერი № 59657)

000 -ლიდერი
ფიქსირებული სიგრძის საკონტროლო ველი 01722nam a22002537a 4500
003 - საკონტროლო ნომრის იდენტიფიკატორი
საკონტროლო ველი Ge_BSU
005 - ბოლო ოპერაციის თარიღი და დრო
საკონტროლო ველი 20230329170423.0
008 - ფიქსირებული სიგრძის მონაცემთა ელემენტები - ზოგადი ინფორმაცია
ფიქსირებული სიგრძის საკონტროლო ველი 230329s2022 ge ||||| |||| 00| 0 geo d
020 ## - წიგნის საერთაშორისო სტანდარტული ნომერი
International Standard Book Number 9789941088742
041 ## - ენის კოდი
Language code of text/sound track or separate title geo
080 ## - უნივერსალური ათობითი კლასიფიკაციის ინდექსი
Universal Decimal Classification number 28 ქ-51
100 ## - მთავარი ჩანაწერი - პიროვნების სახელი
Personal name ქილავუზი, აჰმედ საიმ
9 (RLIN) 8004
245 ## - ცნობა სათაურის შესახებ
Title ისლამის დოგმატიკა :
Remainder of title (აყიდა) /
Statement of responsibility, etc პროფ. დრ. აჰმედ საიმ ქილავუზი; მთარგმნელი გიორგი კამლაძე; სარედ. კოლეგია ზურაბ მიქელაძე, ადამ შანთაძე და სხვ.
250 ## - გამოცემის ცნობა
Edition statement მეორე გამოცემა
264 ## - წარმოების, გამოცემის, დისტრიბუციის და სხვა ცნობები
გამოცემის, წარმოების, დისტრიბუციის... ადგილი ბათუმი :
გამოცემის, წარმოების, დისტრიბუციის... სახელწოდება ერქამი,
გამოცემის, წარმოების, დისტრიბუციის... თარიღი 2022.
300 ## - ფიზიკური აღწერა
Extent 212 გვ.;
Other physical details 22 სმ.
500 ## - ზოგადი შენიშვნა
General note წიგნი გამოცემულია საქართველოს ახალგაზრდებზე დახმარების ასოციაციის მიერ, სრულიად საქართველოს მუსლიმთა სამმართველოს რეკომენდაციით.
653 ## - INDEX TERM--UNCONTROLLED
Uncontrolled term ისლამის რწმენის დოგმატიკა
653 ## - INDEX TERM--UNCONTROLLED
Uncontrolled term მუსლიმური ღვთისმეტყველება
700 ## - ADDED ENTRY--PERSONAL NAME
Personal name კამლაძე, გიორგი
Relator term მთარგმნელი
9 (RLIN) 17351
700 ## - ADDED ENTRY--PERSONAL NAME
Personal name მიქელაძე, ზურაბ და სხვ.
Relator term რედაქტორი
9 (RLIN) 17352
700 ## - ADDED ENTRY--PERSONAL NAME
Personal name შანთაძე, ადამ
Relator term რედაქტორი
9 (RLIN) 17353
942 ## - ADDED ENTRY ELEMENTS (KOHA)
Source of classification or shelving scheme
Koha item type წიგნი
ეგზემპლარები
ჩამოწერის სტატუსი დაკარგული ეგზემპლარის სტატუსი კლასიფიკაციის წყარო ან თაროზე გაწყობის სქემა დაზიანების სტატუსი არ გაიცემა მუდმივი მდებარეობა (დაცვის ადგილი) ამჟამინდელი ადგილსამყოფელი თაროზე განთავსების ადგილი შეძენის თარიღი ღირებულება, შესყიდვის ნორმალური ფასი სრული შენახვის შიფრი შტრიხკოდი ბოლო ოპერაციის თარიღი ეგზემპლარის მიმდევრობითი ნომერი (კეტერი?) ფასის ძალაში შესვლის თარიღი ეგზემპლარის სახეობა საჯარო შენიშვნა
          ბათუმის შოთა რუსთაველის სახელმწიფო უნივერსიტეტის მთავარი ბიბლიოთეკა ბათუმის შოთა რუსთაველის სახელმწიფო უნივერსიტეტის მთავარი ბიბლიოთეკა წიგნსაცავი 2023-03-29 4.00 28 ქ-51 64110 2023-03-29 64110 2023-03-29 წიგნი 4 ლ.